000 00244nam a22001097a 4500
008 170113b xxu||||| |||| 00| 0 eng d
020 _a9780803618688
041 _aeng
080 _a618.2
245 _aMEDSURG NOTES
_cHOPKINS, T
942 _2udc
_cBK
999 _c2896
_d2896